Preamble to the Declaration of Independence - Statistics

General Stats
  • This quiz has been taken 285 times
  • The average score is 52 of 181
Answer Stats
Answer % Correct
When
97%
in
96%
the
93%
human
90%
of
90%
Course
89%
events
86%
becomes
82%
it
82%
necessary
80%
for
69%
to
58%
one
55%
the
55%
people
54%
dissolve
51%
bands
48%
political
48%
which
48%
have
46%
them
44%
connected
42%
another
41%
with
41%
and
39%
among
37%
earth
37%
of
37%
powers
37%
the
37%
the
37%
to
37%
and
35%
assume
35%
equal
35%
separate
35%
station
35%
the
35%
and
34%
decent
34%
Laws
34%
mankind
34%
Nature
34%
of
34%
of
34%
opinions
34%
respect
34%
the
34%
the
34%
to
34%
which
34%
a
32%
God
32%
Nature's
32%
to
32%
all
31%
among
31%
and
31%
are
31%
are
31%
are
31%
be
31%
by
31%
causes
31%
certain
31%
created
31%
Creator
31%
endowed
31%
entitle
31%
equal
31%
hold
31%
impel
31%
liberty
31%
life
31%
men
31%
of
31%
rights
31%
self-evident
31%
that
31%
that
31%
the
31%
the
31%
the
31%
their
31%
them
31%
them
31%
these
31%
these
31%
to
31%
to
31%
truths
31%
unalienable
31%
We
31%
which
31%
with
31%
declare
30%
happiness
30%
of
30%
pursuit
30%
requires
30%
that
30%
that
30%
they
30%
they
30%
separation
28%
should
28%
That
25%
to
24%
are
23%
governments
23%
rights
23%
these
23%
instituted
21%
secure
21%
among
20%
men
20%
consent
18%
deriving
18%
from
18%
governed
18%
just
18%
of
18%
powers
18%
the
18%
the
18%
their
18%
That
17%
becomes
15%
form
15%
government
15%
of
15%
any
14%
whenever
14%
alter
13%
destructive
13%
ends
13%
is
13%
it
13%
of
13%
of
13%
or
13%
people
13%
right
13%
the
13%
the
13%
these
13%
to
13%
abolish
11%
and
11%
it
11%
to
11%
to
11%
government
10%
institute
10%
new
10%
happiness.
8%
in
8%
likely
8%
most
8%
powers
8%
seem
8%
shall
8%
such
8%
to
8%
and
7%
and
7%
effect
7%
form
7%
foundation
7%
its
7%
its
7%
laying
7%
on
7%
organizing
7%
principles
7%
safety
7%
such
7%
their
7%
them
7%
to
7%
as
6%
No matching quizzes found
Score Distribution
Percent of People with Each Score
Percentile by Number Answered
Your Score History
You have not taken this quiz